MEDICAL IMMUNOLOGY : MADE MEMORABLE (Record no. 900)

MARC details
000 -LEADER
fixed length control field 00327nam a2200133Ia 4500
008 - FIXED-LENGTH DATA ELEMENTS--GENERAL INFORMATION
fixed length control field 150201s2000 xx 000 0 und d
082 ## - DEWEY DECIMAL CLASSIFICATION NUMBER
Classification number 616.07
Item number M00P
100 ## - MAIN ENTRY--PERSONAL NAME
Personal name PLAYFAIR,JHL
245 ## - TITLE STATEMENT
Title MEDICAL IMMUNOLOGY : MADE MEMORABLE
250 ## - EDITION STATEMENT
Edition statement 2ND
260 ## - PUBLICATION, DISTRIBUTION, ETC. (IMPRINT)
Name of publisher, distributor, etc. CHURCHILL
Place of publication, distribution, etc. LONDON
Date of publication, distribution, etc. 2000
650 ## - SUBJECT ADDED ENTRY--TOPICAL TERM
Topical term or geographic name as entry element MICROBIOLOGY
942 ## - ADDED ENTRY ELEMENTS (KOHA)
Source of classification or shelving scheme Dewey Decimal Classification
Koha item type Books
Holdings
Withdrawn status Lost status Source of classification or shelving scheme Damaged status Not for loan Collection code Home library Current library Shelving location Date acquired Source of acquisition Cost, normal purchase price SGTU Bill Number Total Checkouts Full call number Barcode Date last seen Bill Date Koha item type
    Dewey Decimal Classification     MEDICAL SGT Medical Library SGT Medical Library Text Book 27/02/2010 U.B.S. DELHI 1731.00 SGTU 1008   616.07 M00P FM3608 09/02/2015 27/02/2010 Books
    Dewey Decimal Classification     MEDICAL SGT Medical Library SGT Medical Library Text Book 27/02/2010 U.B.S. DELHI 1731.00 SGTU 1008   616.07 M00P FM3609 09/02/2015 27/02/2010 Books
    Dewey Decimal Classification     MEDICAL SGT Medical Library SGT Medical Library Text Book 27/02/2010 U.B.S. DELHI 1731.00 SGTU 1008   616.07 M00P FM3610 09/02/2015 27/02/2010 Books